Statistics for Top 100 NFL Players (2021)

Click here to take the quiz!

General Stats

  • This quiz has been taken 2,600 times
  • The average score is 76 of 100

Answer Stats

#PlayerTeamPosition% Correct
1Patrick MahomesChiefsQB
100%
3Aaron RodgersPackersQB
99%
7Tom BradyBuccaneersQB
99%
4Derrick HenryTitansRB
98%
10Josh AllenBillsQB
98%
12Russell WilsonSeahawksQB
98%
5Travis KelceChiefsTE
98%
2Aaron DonaldRamsDE
97%
6Davante AdamsPackersWR
97%
11Stefon DiggsBillsWR
97%
8DeAndre HopkinsCardinalsWR
96%
31Jamal AdamsSeahawksSS
96%
55Keenan AllenChargersWR
96%
15Tyreek HillChiefsWR
96%
92Jason KelceEaglesC
95%
24Lamar JacksonRavensQB
95%
9T.J. WattSteelersOLB
95%
14Alvin KamaraSaintsRB
94%
18Deshaun WatsonTexansQB
94%
13Jalen RamseyRamsCB
94%
22DK MetcalfSeahawksWR
93%
49J.C. JacksonPatriotsCB
93%
77Quandre DiggsSeahawksSS
93%
30Aaron JonesPackersRB
92%
34Chris JonesChiefsDE
92%
20Dalvin CookVikingsRB
92%
66J.J. WattCardinalsDE
92%
29Julio JonesTitansWR
92%
16Myles GarrettBrownsDE
92%
26Nick ChubbBrownsRB
92%
40Bradley ChubbBroncosOLB
90%
50George Kittle49ersTE
88%
39Kyler MurrayCardinalsQB
88%
48Mike EvansBuccaneersWR
88%
62A.J. BrownTitansWR
87%
25Bobby WagnerSeahawksMLB
87%
32Joey BosaChargersDE
87%
53Justin JeffersonVikingsWR
87%
56Justin HerbertChargersQB
86%
35Darren WallerRaidersTE
84%
23Khalil MackBearsOLB
84%
19Budda BakerCardinalsSS
82%
44Christian McCaffreyPanthersRB
82%
21Fred Warner49ersMLB
82%
17Xavien HowardDolphinsCB
82%
28Devin WhiteBuccaneersLB
80%
72Michael ThomasSaintsWR
80%
95Tre'Davious WhiteBillsCB
80%
71Baker MayfieldBrownsQB
79%
68Josh JacobsRaidersRB
79%
83Ryan TannehillTitansQB
79%
81Chris GodwinBuccaneersWR
78%
41Jaire AlexanderPackersCB
78%
33Quenton NelsonColtsOG
78%
76Tyler LockettSeahawksWR
78%
80Adam ThielenVikingsWR
77%
52Minkah FitzpatrickSteelersFS
77%
47Stephen GilmorePatriotsCB
74%
42Trent Williams49ersOT
74%
51Za'Darius SmithPackersOLB
74%
46Cameron JordanSaintsDE
73%
87Allen RobinsonBearsWR
72%
27DeForest BucknerColtsDT
72%
100James RobinsonJaguarsRB
72%
84Leonard WilliamsGiantsDE
72%
65Calvin RidleyFalconsWR
71%
91Corey DavisJetsWR
71%
64Demario DavisSaintsOLB
71%
58Tyrann MathieuChiefsFS
71%
61Chase YoungWashingtonDE
70%
63Fletcher CoxEaglesDT
70%
93T.J. HockensonLionsTE
70%
45Justin SimmonsBroncosFS
68%
38Marlon HumphreyRavensCB
68%
78Jeffery SimmonsTitansDT
67%
37Darius LeonardColtsOLB
65%
57Cameron HeywardSteelersDT
64%
94Jarvis LandryBrownsWR
64%
43Lavonte DavidBuccaneersOLB
64%
86Marshon LattimoreSaintsCB
63%
85Zack MartinCowboysOG
62%
36David BakhtiariPackersOT
59%
90Jessie BatesBengalsFS
57%
96Cole BeasleyBillsWR
56%
70Eric KendricksVikingsMLB
52%
54Grady JarrettFalconsDT
50%
88Shaquil BarrettBuccaneersLB
49%
75Laremy TunsilTexansOT
48%
73Trey HendricksonBengalsDE
48%
89Tristan WirfsBuccaneersOT
48%
74James BradberryGiantsCB
47%
97Kyle Juszczyk49ersFB
45%
59Jason Pierre-PaulBuccaneersDE
43%
60Corey LinsleyChargersC
39%
79Terron ArmsteadSaintsOT
38%
99Brandon GrahamEaglesDE
36%
98Brandon ScherffWashingtonOG
32%
69Ryan KellyColtsC
29%
82Garrett BollesBroncosOT
27%
67K.J. WrightSeahawksOLB
23%

Score Distribution

Percentile by Number Answered

Percent of People with Each Score

Your Score History

You have not taken this quiz